| 000 | 00458nam a22001577a 4500 | ||
|---|---|---|---|
| 003 | OSt | ||
| 005 | 20140311134812.0 | ||
| 008 | 130606t xxu||||| |||| 00| 0 eng d | ||
| 050 |
_aRC 463 _b.Ob13 1958 |
||
| 082 |
_aM 616.8982 _bOb6 1958 |
||
| 245 |
_aOperators and things : _bthe inner life of a Schizophrenic / _cO'Brien, Barbara |
||
| 260 |
_aNew York, NY : _bAce Books, Inc., _cc1958. |
||
| 300 |
_a157 p. _c18 cm. |
||
| 942 |
_2lcc _cBK _kM |
||
| 999 |
_c35848 _d35848 |
||